000 00327nam a2200133Ia 4500
008 150201s2010 xx 000 0 und d
082 _a618
_bI10R
100 _aRABBANI,TAMKIN
245 _aINSTRUMENTS IN OBSTETRICS AND GYN.
250 _a2ND
260 _bCBS
_aDELHI
_c2010
650 _aOBST & GYNAECOLOGY
942 _2ddc
_cBK
_02
999 _c609
_d609